|
|
|
|
| LEADER |
01116nam a2200265 a 4500 |
| 001 |
bnb47191105 |
| 008 |
091006s1987 enk 000 1 eng d |
| 020 |
|
|
|a 0471911054 (pbk.)
|
| 020 |
|
|
|a 9780060838676
|
| 040 |
|
|
|a WCX
|d SIT
|d XNTU
|
| 082 |
0 |
0 |
|a 362.1/98/0941
|2 20
|
| 245 |
1 |
0 |
|a Women's health in the community /
|c edited by Jean Orr ;with 12 contributors
|
| 260 |
|
|
|a Chichester :
|b Wiley,
|c 1987
|
| 300 |
|
|
|a 200 p. ;
|c 22 cm
|
| 490 |
0 |
|
|a Topics in community health (John Wiley & Sons)
|
| 490 |
0 |
|
|a An HM+M nursing publication
|
| 500 |
|
|
|a Great Britain. Health services for women. - Feminist viewpoints (BNB/PRECIS)
|
| 541 |
1 |
|
|e 00004175
|
| 650 |
|
0 |
|a Community health services
|z Great Britain.
|
| 650 |
|
0 |
|a Women's health services
|z Great Britain.
|
| 650 |
|
0 |
|a Community health nursing
|z Great Britain.
|
| 700 |
1 |
|
|a Orr, Jean.
|
| 852 |
4 |
|
|a Ayesha Abed Library
|j General shelf
|
| 999 |
|
|
|c 4484
|d 4484
|
| 952 |
|
|
|0 0
|1 0
|2 ddc
|4 0
|6 362_198094100000000_WOM_1987
|7 0
|9 4200
|a BRACUL
|b BRACUL
|c GEN
|d 2009-10-11
|g 0.00
|l 0
|o 362.1980941 WOM
|p 3010004175
|r 2009-10-11
|t 1
|w 2009-10-11
|y BK
|x No price found in the accession register.
|